The environmental importance of front gardens (Record no. 76304)

MARC details
000 -LEADER
fixed length control field 00949cab a2200181 4500
001 - CONTROL NUMBER
control field ##L132010
008 - FIXED-LENGTH DATA ELEMENTS--GENERAL INFORMATION
fixed length control field 051221n2005 000 0 eng u
035 ## - SYSTEM CONTROL NUMBER
System control number (Sirsi) u132010
041 0# - LANGUAGE CODE
Language code of text/sound track or separate title eng
100 1# - MAIN ENTRY--PERSONAL NAME
Personal name Alexander, David
245 04 - TITLE STATEMENT
Title The environmental importance of front gardens
Remainder of title can planning help?
260 ## - PUBLICATION, DISTRIBUTION, ETC.
Date of publication, distribution, etc. 2005
490 #0 - SERIES STATEMENT
Series statement Town & Country Planning
Volume/sequential designation 74(12) December 2005, 364-366(3)
520 ## - SUMMARY, ETC.
Summary, etc. Looks at the environmental importance of front gardens. Examines both the significance of their increasing loss to hard surfacing and the multiple-use approach that is being put forward to alleviate the problems caused by current trends. Suggests from a planning perspective three courses of action required from central government and local authorities. Table covers front gardens that are more than three-quarters paved. Notes
650 24 - SUBJECT ADDED ENTRY--TOPICAL TERM
Topical term or geographic name entry element PLANNING POLICY STATEMENT NINE
690 ## - LOCAL SUBJECT ADDED ENTRY--TOPICAL TERM (OCLC, RLIN)
Topical term or geographic name as entry element Planning and development
9 (RLIN) 6259
942 ## - ADDED ENTRY ELEMENTS (KOHA)
Suppress in OPAC 0
Holdings
Withdrawn status Lost status Source of classification or shelving scheme Damaged status Not for loan Home library Current library Shelving location Date acquired Total Checkouts Full call number Barcode Date last seen Copy number Price effective from Koha item type
    Dewey Decimal Classification     London London Journal article 21/12/2005   L132010 132010-1001 06/08/2019 1 06/08/2019 Journal article